000 00587nam a2200205Ia 4500
003 IN-BaIIA
008 211028s9999 xx 000 0 eng d
020 _a0-582-44401-2
040 _cIIA Library
080 _a539.1
_bBRA
100 _aBransden, B. H
_913922
245 0 _aPhysics of atoms and molecules
_cB. H. Bransden and C. J. Joachain
260 _aLondon
_bLongmans
_c1983
300 _axi, 686p.
650 _aAstronomy and astrophysics thesaurus
650 _aAtomic physics
_91547
650 _aMolecular physics
_91914
700 _aJoachain, C. J.
_913923
942 _cBK
999 _c8299
_d8299